| 000 | 01124nam a2200289 i 4500 | ||
|---|---|---|---|
| 001 | 189045 | ||
| 003 | SpMaBN | ||
| 005 | 20250806060947.0 | ||
| 008 | 190325s2015 sp fo |||| | spa d | ||
| 020 | _a978-84-9998-434-6 | ||
| 080 | _a340.6(035) | ||
| 080 | _a340.64:572(035) | ||
| 100 | 1 |
_aDorado Fernández, Enrique. _9166682 |
|
| 245 | 1 | 0 |
_aLo que cuentan los muertos / _cEnrique Dorado y José Antonio Sánchez. |
| 246 | 3 |
_iSubtít. de cubierta _alos cadáveres pueden desvelarnos secretos, solo hay que saber escucharlos |
|
| 250 | _a1ª ed. | ||
| 260 |
_aBarcelona : _bTemas de Hoy, _c2015. |
||
| 300 |
_a212 p., [8] p. de lám. ; _c23 cm. |
||
| 650 | 0 | 7 |
_aMedicina legal _2embne _914928 |
| 650 | 7 |
_aAntropología forense _2embne _9166679 |
|
| 700 | 1 |
_aSánchez Sánchez, José Antonio _c(médico) _9166680 |
|
| 852 |
_aES-MaACL _jA-14435 _9196182 _bR.151893 _cDEPO1 _dOlim: N-7435 _hDonación: Enrique Dorado y José Antonio Sánchez |
||
| 903 |
_9166682 _aDorado Fernández, Enrique _ednr |
||
| 903 |
_9102379 _aSánchez, José Antonio _ednr |
||
| 942 |
_2udc _cMONOGRAFIA |
||
| 999 |
_c189045 _d189045 |
||